La práctica del fútbol como objetivo de intervención social desde el punto de vista del trabajo social el caso de los trabajadores encargados de implementar las políticas de infancia y juventud

Esta investigación, se crea en base de la visualización de la práctica del fútbol, como objetivo de intervención social desde el punto de vista del trabajo social, haciendo mención, que desde el trabajo social se interviene en aquellos puntos en los que las personas interactúan con su entorno, promo...

Descripción completa

Detalles Bibliográficos
Autor principal: Espinoza Hernández, Katherine
Otros Autores: Núñez Carrasco, Valeria, Ahumada Cabello, Rodrigo (profesor guía)
Formato: Tesis
Lenguaje:español
Publicado: Santiago, Chile : Universidad Academia de Humanismo Cristiano, 2018.
Materias:

MARC

LEADER 00000cmm a2200000 a 4500
001 000340
003 UAHC_CL
005 20230720110438.0
008 171201s2018 cl 000 spa
040 |a UAHC_CL  |c UAHC_CL  |d UAHC_CL 
100 |9 4242  |a Espinoza Hernández, Katherine 
245 1 0 |a La práctica del fútbol como objetivo de intervención social desde el punto de vista del trabajo social  |c Katherine Espinoza, Valentina Núñez; profesor guía Rodrigo Ahumada.  |b el caso de los trabajadores encargados de implementar las políticas de infancia y juventud 
260 |b Universidad Academia de Humanismo Cristiano,  |c 2018.  |a Santiago, Chile : 
300 |a 1 cd rom 
500 |a Tesis para optar al grado académico de Licenciada/o en Trabajo Social.Tesis para optar al título de Trabajador Social. 
500 |a Tesis para optar al grado académico de Licenciada/o en Trabajo Social.Tesis para optar al título de Trabajadora Social. 
502 |a Tesis (Trabajo Social) -- Universidad Academia de Humanismo Cristiano, 2018. 
516 |a Tesis electrónica (PDF) 
520 |a Esta investigación, se crea en base de la visualización de la práctica del fútbol, como objetivo de intervención social desde el punto de vista del trabajo social, haciendo mención, que desde el trabajo social se interviene en aquellos puntos en los que las personas interactúan con su entorno, promoviendo a la vez la resolución de problemas existentes en las relaciones humanas, es por esto, que dentro de la intervención social, se crea el concepto de potenciación de las capacidades de las propias personas. El trabajador/a social, como se ha dicho, es un profesional importante para mejorar el bienestar de las personas, por consiguiente su intervención en lo social, trata de que sean éstos los que a través de sus propias capacidades y sus propias habilidades, sean capaces de resolver problemas, fortalecer las relaciones humanas, etc. y el deporte es un claro trasmisor y precursor de valores como la solidaridad, compañerismo, respeto, autoconocimiento, entre otros, el cual genera un incremento en las capacidades personales de los individuos. 
650 0 |9 4138  |a Fútbol   |x Aspectos sociales  |z Chile 
700 |a Núñez Carrasco, Valeria  |9 4243 
700 |a Ahumada Cabello, Rodrigo  |e profesor guía  |9 1074 
900 |a TTRASO 548 
942 |c TS 
952 |0 0  |1 0  |2 ddc  |4 0  |6 TTRASO_548_000000000000000  |7 0  |8 COMP  |9 90272  |a BC  |b BC  |c Referencia  |d 2018-08-06  |l 0  |o TTRASO 548  |p 4130  |r 2019-01-08 00:00:00  |w 2018-08-06  |y TS  |B TSOC 
999 |c 50961  |d 50961